名称が「◯◯市」の駅 - Statistics

General Stats
  • This quiz has been taken 661 times
  • The average score is 28 of 43
Answer Stats
所在地 事業者 路線名 Answer % Correct
埼玉県 東武鉄道 東京メトロ 東上本線 有楽町線 和光市駅
86%
千葉県 東武鉄道 野田線 野田市駅
83%
栃木県 東武鉄道 佐野線 佐野市駅
79%
山梨県 JR東日本 中央本線 山梨市駅
79%
和歌山県 JR西日本 南海電鉄 紀勢本線 本線・和歌山港線・加太線 和歌山市駅
79%
茨城県 JR東日本 常磐線 龍ケ崎市駅
77%
三重県 JR東海 近畿日本鉄道 参宮線 山田線 伊勢市駅
77%
大阪府 阪急電鉄 京都本線 高槻市駅
77%
島根県 JR西日本 山陰本線 出雲市駅
77%
埼玉県 東武鉄道 東上本線 川越市駅
76%
三重県 近畿日本鉄道 鈴鹿線 鈴鹿市駅
75%
大阪府 京阪電鉄 交野線 交野市駅
74%
大阪府 京阪電鉄 京阪本線 交野線 枚方市駅
74%
大阪府 阪急電鉄 京都本線 茨木市駅
73%
愛媛県 伊予鉄道 高浜線・横河原線・郡中線 松山市駅
73%
大阪府 京阪電鉄 大阪高速鉄道 京阪本線 大阪モノレール線 門真市駅
72%
埼玉県 西武鉄道 池袋線 入間市駅
71%
大阪府 JR西日本 阪和線 堺市駅
71%
山梨県 富士山麓電気鉄道 大月線 都留市駅
70%
愛知県 名古屋鉄道 三河線 豊田市駅
69%
埼玉県 西武鉄道 新宿線 狭山市駅
68%
大阪府 京阪電鉄 京阪本線 寝屋川市駅
68%
岡山県 水島臨海鉄道 水島本線 倉敷市駅
68%
長野県 JR東海 飯田線 伊那市駅
67%
栃木県 東武鉄道 伊勢崎線 足利市駅
66%
山口県 JR西日本 山陰本線・美祢線 長門市駅
64%
三重県 JR東海 紀勢本線 熊野市駅
63%
大阪府 京阪電鉄 京阪本線 守口市駅
63%
三重県 伊賀鉄道 伊賀線 上野市駅(「上野市」は合併で消滅、現在は「伊賀市」)
61%
兵庫県 JR西日本 加古川線 西脇市駅
61%
島根県 JR西日本 山陰本線 大田市駅
59%
岐阜県 JR東海 中央本線 土岐市駅
58%
愛媛県 JR四国 予讃線 伊予市駅
58%
大阪府 阪急電鉄 京都本線 摂津市駅
57%
宮崎県 JR九州 日豊本線 日向市駅
57%
埼玉県 秩父鉄道 秩父本線 行田市駅
56%
愛知県 愛知環状鉄道 愛知環状鉄道線 瀬戸市駅
56%
東京都 西武鉄道 拝島線 東大和市駅
55%
大阪府 南海電鉄 高野線 大阪狭山市駅
55%
岐阜県 長良川鉄道 越美南線 美濃市駅
49%
奈良県 近畿日本鉄道 南大阪線 高田市駅(所在地は「大和高田市」)
48%
愛知県 名古屋鉄道 三河線 刈谷市駅
44%
島根県 一畑電車 北松江線 電鉄出雲市駅
36%
No matching quizzes found
Score Distribution
Percent of People with Each Score
Percentile by Number Answered
Your Score History
You have not taken this quiz